| 000 | 01836cad a22002655a 4500 | ||
|---|---|---|---|
| 001 | E147725 | ||
| 008 | 090609s2009 xxk f s000 0 eng d | ||
| 020 | _a9780755990306 | ||
| 035 | _a(Sirsi) u147725 | ||
| 041 | 0 | _aeng | |
| 050 | 0 | 4 | _a306.1 $2 18 |
| 110 | 2 |
_aRepossessions Group _95747 |
|
| 245 | 0 | 0 |
_aRepossessions Group _bfinal report _h[electronic resource] |
| 260 |
_aEdinburgh _bScottish Government _c2009 |
||
| 505 | 2 | _aExecutive Summary -- Introduction -- Free independent advice for those facing financial difficulties -- Government mortgage support schemes for those facing repossession -- Action by lenders to help those in financial difficulty and to avoid cases going to court -- Measures to help those faced with a repossession order or those appearing in court -- Legislative protection -- Other action that could be taken by Government and others -- Conclusion and summary of recommendations -- Annex A: Repossessions Group remit, membership, and meeting dates -- Annex B: UK/Scotland repossession statistics | |
| 520 | _aPresents the findings of the Repossessions Group, which was established by the Scottish Government to look at whether current legal protection for those at risk of repossession is adequate, and to make recommendations for any changes thought to be necessary. Also considers ways in which the Scottish Government, the UK Government and other organisations can further help homeowners at risk of repossession. | ||
| 521 | _aAdvanced | ||
| 590 | _aKA | ||
| 650 | 2 | 4 | _aMORTGAGE RIGHTS (SCOTLAND) ACT 2001 |
| 650 | 2 | 4 | _aCONVEYANCING AND FEUDAL REFORM (SCOTLAND) ACT 1970 |
| 651 | 4 |
_aScotland _y1999- |
|
| 690 |
_aResidential property _96266 |
||
| 856 | 4 | 0 |
_uhttps://www.scotland.gov.uk/Publications/2009/06/08164837/0 _zView the report free of charge at www.scotland.gov.uk... |
| 942 | _n0 | ||
| 999 |
_c109707 _d109707 |
||